000 01584nem0a2200361 4500
001 RU\NLR\cart\8696
005 20250614031330.0
035 _a(NLR Aleph) 010296269
090 _a10572118
_c10572118
100 _a20130904d1933 |||y0rusy50 ca
101 0 _arus
102 _aRU
120 _abyy xx||
123 1 _aa
_b3 000 000
135 _acrcn 024anaba
200 1 _aКарта Уральской области
_bКарты
_eВ границах на 1 января 1933 г.
_fСост. А. Колупаевым
_gРед. А. Жилин
206 _a1:3 000 000, 30 км в 1 см
210 _aСвердловск
_cОрготдел Уралоблисполкома
_d1933
215 _a1 к.
_c3 цв.
_d58х44 см
325 1 _aКопия доступна в электронной библиотеке РНБ
327 1 _aДоп. карта: Карта Уральского Севера.-1:15 000 000
509 0 1 _7ca
_aУральская область
_92635200
_3RU\NLR\auth_crt\552032
606 0 _aПолитико-административные
_92178088
_3RU\NLR\auth_crt\66170
620 _aСССР
702 1 _aКолупаев
_bА.
_4220
702 1 _aЖилин
_bА.
_4340
801 0 _aRU
_bNLR
_c20130904
_gPSBO
852 _aNLR
_bК
_j4-Ур 2/231
_m21931
901 _eКартографические материалы
942 _cMAP
980 _aNB
981 1 9 _a(19) Картографические материалы